Trophées PSG - Statistiques

Statistiques générales
  • Ce quiz a été pris 112 fois
    73 depuis la dernière actualisation
  • Le résultat moyen est 4 sur 8
Statistiques - réponses
Nombres Trophées % Correct
16 Coupe de France
94%
13 Ligue 1
94%
1 Ligue Des Champions
87%
9 Coupe de la Ligue
53%
1 Coupe Intertoto
29%
1 Ligue 2
24%
13 Trophées des Champions
13%
1 Coupe d'Europe des Vainqueurs de Coupe
3%
Aucun quiz correspondant
Distribution des résultats
% des personnes avec chaque résultat
Percentile par nombre de réponses
Votre historique - résultats
Vous n’avez pas pris ce quiz depuis la dernière actualisation